Тайная история советско-китайских отношений; Большевики и китайская революция (1919-1927)

מידע ביבליוגרפי
מחבר ראשי: Панцов А. В. Александр Вадимович
שפה:רוסית
יצא לאור: Москва, Муравей-Гайд, 2001
נושאים:
פורמט: MixedMaterials ספר
KOHA link:https://koha.lib.tpu.ru/cgi-bin/koha/opac-detail.pl?biblionumber=41955

MARC

LEADER 00000nam0a2200000 4500
001 41955
005 20231031014745.0
010 |a 5846300731 
035 |a (RuTPU)RU\TPU\book\43099 
090 |a 41955 
100 |a 20020704d2001 k y0rusy50 ca 
101 0 |a rus 
102 |a RU 
105 |a a z 001zd 
200 1 |a Тайная история советско-китайских отношений  |a Большевики и китайская революция (1919-1927)  |f А. В. Панцов 
210 |a Москва  |c Муравей-Гайд  |d 2001 
215 |a 456 с.  |c ил. 
320 |a Библиогр.: с. 301-452 
320 |a Биографический словарь: с. 402-431. 
320 |a Имен. указ.: с. 432-452. 
610 1 |a история 
610 1 |a Россия 
610 1 |a Китай 
610 1 |a СССР 
610 1 |a международные отношения 
610 1 |a Коминтерн 
610 1 |a китайская национальная революция 
610 1 |a большевики 
610 1 |a сталинизм 
610 1 |a коммунизм 
610 1 |a биографии 
686 |a Т3(2)61-8  |v LBC/SL-A  |2 rubbk 
686 |a Т3(5Кит)  |v LBC/SL-A  |2 rubbk 
700 1 |a Панцов  |b А. В.  |g Александр Вадимович 
801 1 |a RU  |b 63413507  |c 20020704  |g PSBO 
801 2 |a RU  |b 63413507  |c 20020821  |g PSBO 
942 |c BK